[Event "AUT-chT 1112"]
[Site "Austria"]
[Date "2012.04.22"]
[Round "11.2"]
[White "Hera, Imre Jr"]
[Black "Bromberger, Stefan"]
[Result "1-0"]
[WhiteElo "2558"]
[BlackElo "2513"]
[PlyCount "65"]
[EventDate "2012.01.20"]
[EventType "team-tourn"]
[EventRounds "11"]
[EventCountry "AUT"]
[SourceTitle "EXT 2013"]
[Source "ChessBase"]
[SourceDate "2012.11.22"]
[SourceVersion "1"]
[SourceVersionDate "2012.11.22"]
[SourceQuality "1"]
[WhiteTeam "Fuerstenfeld"]
[BlackTeam "Bernhard"]
[WhiteTeamCountry "AUT"]
[BlackTeamCountry "AUT"]

1. c4 Nf6 2. Nf3 g6 3. g3 Bg7 4. Bg2 d5 5. O-O dxc4 6. Qa4+ c6 7. Qxc4 O-O 8. d3 ({RR} 8. Qc2 Na6 9. d3 Re8 10. Nc3 e5 11. a3 h6 12. b4 Nc7 13. Bb2 a6 14. Nd2 Ne6 15. e3 h5 16. Nde4 Nd5 17. Rad1 h4 18. Rfe1 hxg3 19. hxg3 Rb8 20. Qb3 Nec7 21. Nxd5 cxd5 22. Nc3 Be6 {Ponomariov,R (2739)-Svidler,P (2754) Moscow 2009 0-1 (53)}) 8... Na6 $146 ({RR} 8... Bg4 9. Bg5 Nbd7 10. Nbd2 Qb6 11. Qc2 e6 12. Nc4 Qd8 13. Nfe5 Nxe5 14. Nxe5 Qd4 15. Nc4 e5 16. Be3 Qd8 17. Nxe5 Be6 18. Nc4 Re8 19. Rfe1 Ng4 20. Bc5 Bxc4 21. dxc4 Re5 22. Rad1 Qe8 23. Bd4 {Stange,S-Severijnen,A Vlissingen 1999 1-0 (47)}) ({RR} 8... Nbd7 9. Nc3 Nb6 10. Qh4 Qd7 11. Ne5 Qe6 12. f4 Nbd5 13. e4 Nxc3 14. bxc3 Ng4 15. Nxg4 Qxg4 16. Qxg4 Bxg4 17. d4 Rfd8 18. Ba3 Rd7 19. Rab1 Be2 20. Rf2 Bc4 21. Rfb2 b5 22. e5 Rc8 23. Bc5 {Ibarra Jerez,J (2559)-Goltsev,D (2215) chess.com INT 2024 0-1 (51)}) ({RR} 8... Nbd7 9. Qc2 Nb6 10. Nc3 Bd7 11. e4 Qc8 12. a4 Bh3 13. a5 Bxg2 14. Kxg2 Nbd7 15. d4 Re8 16. e5 Nd5 17. Qb3 Nxc3 18. bxc3 e6 19. Be3 c5 20. Kg1 b6 21. axb6 axb6 22. Nd2 Qc6 23. Nc4 {Thorvaldsson,J-Theodorsson,H Reykjavik 1970 1-0 (41)}) 9. Nc3 Be6 10. Qa4 h6 11. Bd2 Qc8 12. Rfc1 Bh3 13. Bh1 Rd8 14. b4 Qg4 15. Ne5 Qxb4 16. Nxc6 Qxa4 17. Nxe7+ Kh7 18. Nxa4 Rd7 19. Nc8 Rd4 20. Bxb7 Rb8 21. Rab1 Bxc8 22. Bxc8 Rxb1 23. Rxb1 Rxa4 24. Rb7 Rxa2 25. Bc3 Rc2 26. Rxf7 Rxc3 27. Bxa6 Ra3 28. Bc4 a5 29. e4 Rc3 30. e5 Ng4 31. e6 Ne5 32. e7 Nxf7 33. e8=Q 1-0

[Event "Gibraltar Masters 10th"]
[Site "Caleta"]
[Date "2012.01.25"]
[Round "2"]
[White "Laznicka, Viktor"]
[Black "Pavlovic, Milos"]
[Result "1-0"]
[WhiteElo "2704"]
[BlackElo "2531"]
[Annotator "Let's Check"]
[PlyCount "51"]
[EventDate "2012.01.24"]
[EventType "swiss"]
[EventRounds "10"]
[EventCountry "GGB"]
[SourceTitle "CBM 147"]
[Source "ChessBase"]
[SourceDate "2012.03.16"]
[SourceVersion "1"]
[SourceVersionDate "2012.03.16"]
[SourceQuality "1"]

1. Nf3 Nf6 2. g3 d5 3. Bg2 e6 4. O-O Be7 5. d3 O-O 6. Nbd2 a5 7. e4 a4 8. e5 ({RR} 8. a3 dxe4 9. dxe4 Nc6 10. b4 axb3 11. cxb3 Nd7 12. Bb2 Nc5 13. Bc3 b6 14. Qc2 Ba6 15. Rfd1 Be2 16. Re1 Bd3 17. Qb2 f6 18. e5 f5 19. Nd4 Nxd4 20. Bxd4 Ba6 21. Bxc5 Bxc5 22. Nf3 Bb7 {Ponomariov,R (2764)-Bruzon Batista,L (2673) Khanty-Mansiysk 2011 1-0 (43)}) 8... Nfd7 9. c4 Nb6 $146 ({RR} 9... c5 10. Re1 Nc6 11. Nf1 dxc4 12. dxc4 Ndxe5 13. Nxe5 Qxd1 14. Rxd1 Nxe5 15. Ne3 Ra6 16. Bd2 Bf6 17. Bc3 a3 18. Rab1 axb2 19. Bxb2 Rxa2 20. Ba1 Ra4 21. Rb5 Nxc4 22. Bxf6 Nxe3 23. fxe3 gxf6 24. Rxc5 {Broly,M (2093)-Bensdorp,M (2214) Chartres FRA 2024 0-1 (34)}) ({RR} 9... c5 10. Re1 Nc6 11. Nf1 dxc4 12. dxc4 Ndxe5 13. Nxe5 Qxd1 14. Rxd1 Nxe5 15. Ne3 Ra6 16. Bd2 Bf6 17. Bc3 a3 18. Rab1 axb2 19. Bxb2 Rxa2 20. Ba1 Ra4 21. Rb5 Nxc4 22. Bxf6 Nxe3 23. fxe3 gxf6 24. Rxc5 {Broly,M (2093)-Bensdorp,M (2214) Chartres FRA 2024 0-1 (34)}) 10. Qe2 Nc6 11. Rd1 f6 12. d4 fxe5 13. dxe5 Qe8 14. h3 Qg6 15. cxd5 exd5 16. Nf1 Be6 17. Be3 Nc4 18. Bf4 a3 19. bxa3 Rxa3 20. Ne3 Rxf4 21. gxf4 Nxe3 22. fxe3 Bc5 23. Ng5 Rxe3 $6 (23... h6 24. Nxe6 Rxe3 $11) 24. Qb5 $16 Bb6 25. Kh1 $6 (25. Kh2 Kf8 26. Nxe6+ $18) 25... Nd4 $4 (25... Kh8 26. Nxe6 Qxe6 $14) 26. Qa4 1-0

[Event "World Cup ACP (Women)"]
[Site "Tbilisi"]
[Date "2012.02.20"]
[Round "6"]
[White "Dzagnidze, Nana"]
[Black "Stefanova, Antoaneta"]
[Result "1-0"]
[WhiteElo "2535"]
[BlackElo "2523"]
[PlyCount "135"]
[EventDate "2012.02.18"]
[EventType "tourn (rapid)"]
[EventRounds "11"]
[EventCountry "GEO"]
[EventCategory "10"]
[SourceTitle "CBM 146 Extra"]
[Source "ChessBase"]
[SourceDate "2012.02.29"]
[SourceVersion "1"]
[SourceVersionDate "2012.02.29"]
[SourceQuality "1"]

1. Nf3 d5 2. g3 c6 3. Bg2 Bg4 4. O-O Nd7 5. d3 Ngf6 6. Nbd2 e5 7. e4 dxe4 8. dxe4 Bc5 9. h3 Bh5 10. Qe1 O-O 11. Nc4 Re8 12. a4 a5 ({RR} 12... b5 13. Na5 Qc7 14. Bd2 Nb6 15. b3 Nfd7 16. Nh4 f6 17. axb5 cxb5 18. Nf5 Bf8 19. Ne3 Nc5 20. Nd5 Qd7 21. Bb4 Rac8 22. Qe3 Qf7 23. Ra2 f5 24. c4 f4 25. Qd2 f3 26. Bh1 Nxe4 27. Qe3 {Praggnanandhaa,R (2690)-Maghsoodloo,P (2719) Ajka HUN 2023 0-1 (37)}) ({RR} 12... Nb6 13. Qe2 a5 14. Bg5 h6 15. Rfd1 Qe7 16. Bd2 Bxf2+ 17. Kxf2 Qc5+ 18. Be3 Nxe4+ 19. Ke1 Qxc4 20. Bxb6 Qb4+ 21. c3 Qxb6 22. Qxe4 f5 23. Qc4+ Kh8 24. Rd2 Bxf3 25. Bxf3 Qg1+ 26. Qf1 Qxg3+ 27. Qf2 {Stefanova,A (2520)-Mkrtchian,L (2459) Krasnoturinsk 2006 0-1 (39)}) 13. Bd2 b6 14. Nh4 Qc7 15. Bg5 $146 ({RR} 15. Bc3 Nf8 16. Kh1 N6d7 17. f4 f6 18. fxe5 Nxe5 19. Nxe5 fxe5 20. g4 Bf7 21. Qg3 Ng6 22. Nf5 Bc4 23. Rfd1 Rad8 24. b3 Ba6 25. Bf1 Rxd1 26. Rxd1 Bxf1 27. Rxf1 b5 28. h4 bxa4 29. bxa4 Nf4 {Meshkovs,N (2576)-Dubrovin,R (2219) Tallinn EST 2023 1-0 (37)}) ({RR} 15. Kh1 Bf8 16. Bc3 Rad8 17. b3 Re6 18. Nf5 Nc5 19. Qe3 Kh8 20. g4 Bg6 21. Rfd1 Rxd1+ 22. Rxd1 Nfd7 23. h4 f6 24. g5 Re8 25. Bf3 fxg5 26. hxg5 Ne6 27. Ncd6 Bxd6 28. Nxd6 Rf8 29. Bg4 Nec5 {Yeoh,L (2480)-Bommini,M (1829) Mumbai 2018 1-0 (60)}) 15... Bb4 16. c3 Bf8 17. Qd2 Re6 18. Qc2 Nc5 19. g4 Bg6 20. Nf5 Nfd7 21. Rfd1 Ree8 22. Be3 Rab8 23. b4 axb4 24. cxb4 Ne6 25. a5 bxa5 26. bxa5 c5 27. Ncd6 Red8 28. a6 Nb6 29. Nb5 Qc6 30. Bf1 Rxd1 31. Rxd1 Ra8 32. Nbd6 Bxf5 33. exf5 Nd4 34. Bxd4 exd4 35. Nb5 Qd7 36. a7 Nd5 37. Qe4 Re8 38. Qf3 Nb6 39. Ra1 c4 40. Nxd4 Qxd4 41. a8=Q Nxa8 42. Rxa8 Rxa8 43. Qxa8 Qc5 44. Qa2 c3 45. Bc4 Qc7 46. Qb3 h5 47. Qxc3 hxg4 48. hxg4 Qf4 49. Be2 Bd6 50. Bf3 Qh2+ 51. Kf1 Qe5 52. Qc8+ Kh7 53. Qc4 Qf4 54. Qd3 Qc1+ 55. Kg2 Qf4 56. Qd5 Kg8 57. Qd1 Qh2+ 58. Kf1 Qe5 59. Bd5 Bc5 60. Qb3 Qc7 61. Kg2 Qa7 62. Qf3 Qc7 63. Bb3 Qe7 64. Qd5 Ba7 65. Kf1 Qc7 66. Bc4 Kf8 67. g5 Qe7 68. Qa8+ 1-0

[Event "World Cup ACP (Women)"]
[Site "Tbilisi"]
[Date "2012.02.21"]
[Round "10"]
[White "Dzagnidze, Nana"]
[Black "Zatonskih, Anna"]
[Result "1-0"]
[WhiteElo "2535"]
[BlackElo "2506"]
[PlyCount "66"]
[EventDate "2012.02.18"]
[EventType "tourn (rapid)"]
[EventRounds "11"]
[EventCountry "GEO"]
[EventCategory "10"]
[SourceTitle "CBM 146 Extra"]
[Source "ChessBase"]
[SourceDate "2012.02.29"]
[SourceVersion "1"]
[SourceVersionDate "2012.02.29"]
[SourceQuality "1"]

1. Nf3 d5 2. g3 g6 3. Bg2 Bg7 4. O-O e5 5. d3 Nc6 6. Nc3 Nge7 7. e4 d4 8. Ne2 ({RR} 8. Nd5 O-O 9. Bg5 f6 10. Nxe7+ Nxe7 11. Bd2 Be6 12. h3 Qd7 13. Kh2 c5 14. Qe2 Rac8 15. c3 c4 16. cxd4 cxd3 17. Qe3 exd4 18. Nxd4 Bc4 19. Rfc1 f5 20. Bc3 Rce8 21. Nf3 Nd5 22. Qc5 fxe4 {Stanojevic,I (2224)-Gruzman,I (2183) chess.com INT 2025 0-1 (60)}) 8... O-O 9. c3 Bg4 ({RR} 9... a5 10. cxd4 Nxd4 11. Nexd4 exd4 12. Bf4 c5 13. a4 b6 14. Nd2 Be6 15. b3 Nc6 16. Nc4 Nb4 17. h4 h5 18. Kh2 Ra7 19. Bh3 Bxh3 20. Kxh3 f5 21. e5 Re8 22. Re1 Re6 23. Qe2 Qd5 24. Rad1 {Rapport,R (2752)-Gukesh,D (2744) Zagreb CRO 2023 0-1 (102)}) 10. cxd4 $146 ({RR} 10. h3 Bxf3 11. Bxf3 dxc3 12. bxc3 Qd7 13. Kg2 Rfd8 14. Qb3 Qxd3 15. Be3 Na5 16. Qa4 Nec6 17. Rab1 b6 18. g4 Qc4 19. Qc2 Nd4 20. Bxd4 exd4 21. Rb4 Qc5 22. Qa4 dxc3 23. Rb5 Qe7 24. Rc1 Rd2 {Habibi,A (2247)-Bouaziz,S (2321) Katerini 2014 0-1 (50)}) 10... Bxf3 11. Bxf3 Nxd4 12. Bg2 Nxe2+ 13. Qxe2 Nc6 14. Be3 Qd7 15. Rac1 Rfd8 16. Rc3 Rac8 17. Rfc1 Nb4 18. Rb3 c5 19. Rxc5 Rxc5 20. Bxc5 Nxd3 21. Be3 Bf8 22. Bf1 Nc5 23. Rb5 b6 24. f3 Qc7 25. Qc2 a6 26. Rb3 Qd6 27. Rc3 Ne6 28. Rc6 Qd1 29. Qxd1 Rxd1 30. Rxb6 Nd4 31. Kf2 a5 32. Rb7 Bb4 33. Bc4 Be1+ 1-0

[Event "Cappelle op 28th"]
[Site "Cappelle la Grande"]
[Date "2012.03.05"]
[Round "4"]
[White "Petrosian, Tigran L"]
[Black "Arutinian, David"]
[Result "1-0"]
[WhiteElo "2643"]
[BlackElo "2553"]
[PlyCount "127"]
[EventDate "2012.03.03"]
[EventType "swiss"]
[EventRounds "9"]
[EventCountry "FRA"]
[SourceTitle "CBM 147 Extra"]
[Source "ChessBase"]
[SourceDate "2012.04.24"]
[SourceVersion "1"]
[SourceVersionDate "2012.04.24"]
[SourceQuality "1"]

1. Nf3 Nf6 2. g3 b5 3. Bg2 Bb7 4. O-O e6 5. d3 d5 6. e4 Be7 ({RR} 6... dxe4 7. Nfd2 Nbd7 8. Nc3 Rb8 9. Ncxe4 Be7 10. a4 b4 11. Nxf6+ Nxf6 12. Nc4 Bxg2 13. Kxg2 O-O 14. Qf3 Nd5 15. Be3 c5 16. Bf4 Rc8 17. Rfe1 Qd7 18. Kg1 {½-½ (18) Ribli,Z (2577)-Halkias,S (2590) Germany 2007}) 7. exd5 Bxd5 $146 ({RR} 7... Nxd5 8. c4 Nb4 9. cxb5 a6 10. Nc3 axb5 11. Nxb5 O-O 12. Bd2 Nxd3 13. Qc2 c6 14. Nbd4 Nc5 15. Rfd1 Ncd7 16. h4 Qb6 17. Bg5 Nf6 18. Ne5 Rc8 19. Qe2 c5 20. Nc4 Qa6 21. Bxb7 Qxb7 22. Nxe6 {Wallace,J (2370)-Vaibhav,S (2595) Stavanger NOR 2023 ½-½ (70)}) ({RR} 7... exd5 8. Nd4 Qd7 9. Qf3 O-O 10. Nf5 Bd8 11. Nd2 Nc6 12. Nb3 Ne5 13. Qf4 Ng6 14. Qf3 Bc8 15. Bh3 Qc6 16. Be3 a5 17. Nfd4 Qe8 18. Bxc8 Rxc8 19. Rfe1 Qd7 20. Nc5 Qh3 21. Qg2 Qxg2+ 22. Kxg2 {Aloma Vidal,R (2446)-Chigaev,M (2622) Barcelona ESP 2024 ½-½ (67)}) ({RR} 7... exd5 8. Nd4 Qd7 9. Qf3 O-O 10. Nf5 Bd8 11. Ne3 Qc6 12. Nc3 d4 13. Qf4 Qb6 14. Bxb7 Qxb7 15. Qxd4 Nc6 16. Qf4 Re8 17. Bd2 Ne5 18. f3 c5 19. Ne4 Qc6 20. Ng4 Nexg4 21. fxg4 Qd5 22. Qd6 {Dely,P-Haag,E Budapest 1959 1-0 (41)}) 8. c4 bxc4 9. dxc4 Bb7 10. Qxd8+ Bxd8 11. Rd1 Nbd7 12. Nc3 a6 13. Bf4 Rc8 14. Ne5 Bxg2 15. Kxg2 Nxe5 16. Bxe5 Rg8 17. Na4 Nd7 18. Bd4 Bf6 19. Bxf6 gxf6 20. Rd4 Rg5 21. Rad1 Nb8 22. Rh4 h5 23. Nc3 Re5 24. f4 Rc5 25. b3 Ke7 26. Re1 Nd7 27. Nd5+ Kd6 28. Nc3 Ke7 29. Nd5+ Kd6 30. Ne3 Ra5 31. Re2 Rg8 32. f5 Rg5 33. Rd4+ Kc6 34. b4 Re5 35. a4 Nb6 36. a5 Nc8 37. fxe6 fxe6 38. Rf4 f5 39. Kf3 Nd6 40. Rd4 Rg8 41. Rh4 Nf7 42. Nc2 Rxe2 43. Kxe2 Rh8 44. Nd4+ Kd6 45. b5 Ra8 46. Rxh5 axb5 47. Rh7 Ng5 48. Nxb5+ Ke5 49. Rxc7 Rxa5 50. Ra7 Rxa7 51. Nxa7 Kd4 52. h4 Nf7 53. Kf3 e5 54. Nc6+ Kxc4 55. Nxe5+ Nxe5+ 56. Kf4 Kd5 57. Kxf5 Kd6 58. h5 Nf7 59. Kf6 Nh6 60. Kg6 Ng4 61. h6 Ke7 62. h7 Ne5+ 63. Kg7 Nf7 64. g4 1-0

[Event "Trzcianka Dziedzic Memorial 2nd"]
[Site "Trzcianka"]
[Date "2012.03.04"]
[Round "7"]
[White "Naiditsch, Arkadij"]
[Black "Shirov, Alexei"]
[Result "1-0"]
[WhiteElo "2702"]
[BlackElo "2701"]
[PlyCount "81"]
[EventDate "2012.03.04"]
[EventType "swiss (rapid)"]
[EventRounds "9"]
[EventCountry "POL"]
[SourceTitle "CBM 147 Extra"]
[Source "ChessBase"]
[SourceDate "2012.04.24"]
[SourceVersion "1"]
[SourceVersionDate "2012.04.24"]
[SourceQuality "1"]

1. Nf3 d5 2. g3 Bg4 3. Bg2 Nd7 4. O-O e6 5. b3 Ngf6 ({RR} 5... Bd6 6. Bb2 Ne7 7. Bxg7 Rg8 8. Bb2 h5 9. c4 Bxf3 10. exf3 h4 11. Nc3 c6 12. Re1 dxc4 13. Ne4 Nf5 14. Nxd6+ Nxd6 15. f4 hxg3 16. hxg3 Qb6 17. d4 O-O-O 18. Rb1 Qa5 19. Qc2 Qxa2 20. bxc4 {Speelman,J (2605)-Shirov,A (2710) Bordeaux 1998 0-1 (39)}) 6. Bb2 Bd6 7. c4 ({RR} 7. h3 Bxf3 8. Bxf3 O-O 9. c4 c6 10. d3 Rc8 11. Nd2 Re8 12. Bg2 Qe7 13. Re1 Ba3 14. Qc1 Bxb2 15. Qxb2 e5 16. a4 a5 17. Qc3 Qb4 18. Qxb4 axb4 19. a5 Nc5 20. Rec1 d4 21. a6 Nxa6 {Lopez Mulet,I (2388)-Haug,H (2319) chess.com INT 2024 0-1 (77)}) 7... O-O 8. d3 $146 ({RR} 8. d4 Bxf3 9. Bxf3 c6 10. Nd2 Qe7 11. Qc2 Ba3 12. Bxa3 Qxa3 13. Qc3 a5 14. e3 Rfe8 15. Rfc1 h6 16. Bg2 Qd6 17. a3 e5 18. cxd5 Nxd5 19. Qd3 N5f6 20. Nc4 Qe6 21. Rd1 e4 {½-½ (21) Schmidt,W-Kostro,J Gdynia 1973}) 8... a5 9. a3 a4 10. b4 c5 11. bxc5 Nxc5 12. Nbd2 Rb8 13. cxd5 exd5 14. d4 Nce4 15. Nxe4 dxe4 16. Ne5 Bd7 17. Qb1 Bc6 18. Nxc6 bxc6 19. Qc2 Qe7 20. Bc1 c5 21. Bg5 cxd4 22. Bxf6 gxf6 23. Bxe4 Rfc8 24. Bxh7+ Kg7 25. Qe4 Bxa3 26. Qf3 Rc3 27. Bd3 Qd7 28. Qf4 Rh8 29. Bf5 Qb5 30. Qg4+ Kf8 31. Rfb1 Bb2 32. Bd3 Qb4 33. Rxb2 Qxb2 34. Rxa4 Qb7 35. Be4 Qb3 36. Ra8+ Ke7 37. Rxh8 Qd1+ 38. Kg2 Rc1 39. Kh3 Qf1+ 40. Bg2 Qxf2 41. Qe4+ 1-0

[Event "Richardson UTD schev"]
[Site "Richardson"]
[Date "2012.03.12"]
[Round "4"]
[White "Sadorra, Julio Catalino"]
[Black "Kacheishvili, Giorgi"]
[Result "1-0"]
[WhiteElo "2525"]
[BlackElo "2612"]
[PlyCount "129"]
[EventDate "2012.03.10"]
[EventType "schev"]
[EventRounds "10"]
[EventCountry "USA"]
[SourceTitle "CBM 147 Extra"]
[Source "ChessBase"]
[SourceDate "2012.04.24"]
[SourceVersion "1"]
[SourceVersionDate "2012.04.24"]
[SourceQuality "1"]
[WhiteTeam "Dallas UT"]
[BlackTeam "Grandmasters"]
[WhiteTeamCountry "USA"]
[BlackTeamCountry "USA"]

1. Nf3 d5 2. c4 d4 3. b4 c5 4. e3 dxe3 5. fxe3 cxb4 6. a3 bxa3 ({RR} 6... e5 7. axb4 Bxb4 8. Qa4+ Nc6 9. Nxe5 Nge7 10. Nf3 O-O 11. Be2 a5 12. O-O Bg4 13. d4 Nf5 14. d5 Qb6 15. Qb3 Bxf3 16. Bxf3 Ne5 17. Be2 Nd4 18. exd4 Qxd4+ 19. Kh1 Rfe8 20. Bb2 Qe4 21. Bf3 {Iturrizaga Bonelli,E (2641)-Gelfand,B (2741) Berlin 2015 0-1 (58)}) ({RR} 6... e6 7. d4 Nf6 8. Bd3 bxa3 9. O-O Nc6 10. Nc3 Bb4 11. Ne2 Qe7 12. e4 e5 13. d5 Bc5+ 14. Kh1 Nb4 15. h3 O-O 16. Bg5 Qd6 17. Nh4 Ne8 18. g4 f6 19. Bc1 Bd7 20. Bxa3 Nxd3 21. Qxd3 {Condori,E (1967)-Merma,I (1691) Cusco PER 2025 0-1 (43)}) 7. Bxa3 Nf6 8. Nc3 g6 9. Be2 $146 ({RR} 9. d4 Bg7 10. Bd3 O-O 11. O-O Ng4 12. Qd2 Nc6 13. Rfb1 Bh6 14. Re1 Nxd4 15. Nd5 Nc6 16. h3 Bg7 17. hxg4 Bxa1 18. Rxa1 Bxg4 19. Nd4 Re8 20. Nb5 Rc8 21. Bb2 a6 22. Qc3 e5 23. Na3 b5 {Cisko,M (1928)-Krajnak,J (2084) Slovakia 2014 ½-½ (44)}) ({RR} 9. d4 Bg7 10. Bd3 O-O 11. O-O b6 12. Ng5 Bb7 13. Nge4 Nbd7 14. Qf3 Rb8 15. Qh3 Nxe4 16. Bxe4 Nf6 17. Bxb7 Rxb7 18. Rad1 Qc8 19. Qxc8 Rxc8 20. c5 bxc5 21. Bxc5 Nd7 22. Ne4 f5 23. Ng5 Nxc5 {Srihari,L (2414)-Cunha,L (2290) Chess.com INT 2021 0-1 (39)}) 9... Bg7 10. O-O O-O 11. Rb1 Nc6 12. d4 b6 13. Kh1 Bf5 14. Rb5 Rc8 15. Ne5 Ne4 16. Nxe4 Bxe4 17. Nf3 Na5 18. c5 Bh6 19. cxb6 axb6 20. Re5 Bc2 21. Qe1 Nc6 22. Rb5 Ba4 23. Rb2 Bxe3 24. Ba6 Bxd4 25. Rd2 Rc7 26. Nxd4 Nxd4 27. Bb2 Qa8 28. Rxd4 Qxa6 29. Rxa4 Qxa4 30. Qe5 f6 31. Qxc7 Qb5 32. Qc1 Qc5 33. Qd2 Rc8 34. h3 b5 35. Rc1 Qf5 36. Rxc8+ Qxc8 37. Qd5+ Kg7 38. Qxb5 Qe6 39. Qc5 Kf7 40. Bc3 h5 41. Kg1 h4 42. Qd4 g5 43. Qd3 Kg7 44. Kf2 Qc6 45. Qf3 Qc5+ 46. Qe3 Qf5+ 47. Qf3 Qc5+ 48. Ke2 Kf7 49. Kd2 Qd6+ 50. Kc2 Qc5 51. Qe4 Qf2+ 52. Kb3 Qg3 53. Qd5+ Kf8 54. Kc4 g4 55. Bb4 Qc7+ 56. Qc5 Qf4+ 57. Kb3 Qg3+ 58. Ka4 gxh3 59. Qxe7+ Kg8 60. Qe8+ Kh7 61. Qf7+ Qg7 62. Qxg7+ Kxg7 63. gxh3 Kg6 64. Be1 Kg5 65. Kb4 1-0

[Event "SUI-chT"]
[Site "Switzerland"]
[Date "2012.09.22"]
[Round "6.1"]
[White "Hickl, Joerg"]
[Black "Bauer, Christian"]
[Result "1-0"]
[WhiteElo "2561"]
[BlackElo "2679"]
[PlyCount "79"]
[EventDate "2012.03.18"]
[EventType "team-tourn"]
[EventRounds "9"]
[EventCountry "SUI"]
[SourceTitle "EXT 2013"]
[Source "ChessBase"]
[SourceDate "2012.11.22"]
[SourceVersion "1"]
[SourceVersionDate "2012.11.22"]
[SourceQuality "1"]
[WhiteTeam "Riehen"]
[BlackTeam "Zuerich"]
[WhiteTeamCountry "SUI"]
[BlackTeamCountry "SUI"]

1. g3 d5 2. Nf3 Nf6 3. Bg2 b5 4. c3 ({RR} 4. O-O Bb7 5. c3 Nbd7 6. a4 a6 7. d4 e6 8. Bg5 c5 9. axb5 axb5 10. Rxa8 Qxa8 11. Na3 b4 12. cxb4 cxb4 13. Nc2 Ne4 14. Bf4 Be7 15. Ne5 Nxe5 16. Bxe5 O-O 17. f3 Nd6 18. Nxb4 Nc4 {Salem,A (2690)-Adly,A (2596) Sharjah 2022 ½-½}) ({RR} 4. c4 bxc4 5. Ne5 c6 6. b3 cxb3 7. Qxb3 e6 8. O-O Be7 9. Ba3 Nfd7 10. Nxd7 Qxd7 11. Rc1 O-O 12. d4 Ba6 13. e3 Rc8 14. Nd2 Qd8 15. Rc2 Nd7 16. Rac1 Rcb8 17. Bxe7 Qxe7 18. Qc3 Bb5 {Wills,T (1991)-Pedersen,C (2026) England ENG 2025 ½-½}) 4... e6 5. Qb3 a6 6. a4 b4 $146 ({RR} 6... c6 7. O-O Bb7 8. d4 h6 9. Qc2 a5 10. Nbd2 Nbd7 11. e4 Nb6 12. e5 Nfd7 13. b3 bxa4 14. bxa4 Ba6 15. Re1 c5 16. Nb3 Nc4 17. Nh4 Qb6 18. Rb1 Qc6 19. f4 cxd4 20. Nxd4 Bc5 21. Kh1 {Chatalbashev,B (2522)-Nikolova,A (2293) Plovdiv 2014 1-0 (40)}) 7. O-O Nc6 8. d3 Rb8 9. Qc2 Bd6 10. Nbd2 bxc3 11. bxc3 O-O 12. Nd4 Ne7 13. Ba3 e5 14. N4b3 Bg4 15. Rfe1 Bxa3 16. Rxa3 Ng6 17. d4 Re8 18. e3 h5 19. Nc5 Qc8 20. Rb3 Rb6 21. Qb2 Rd6 22. Rb1 Nd7 23. Qa3 e4 24. c4 Nxc5 25. Qxc5 Qf5 26. Rb8 Rxb8 27. Rxb8+ Kh7 28. cxd5 Bf3 29. Nxf3 exf3 30. Bf1 h4 31. Qxc7 Rxd5 32. Rb7 hxg3 33. hxg3 Nh8 34. Qe7 Qg4 35. Bd3+ g6 36. Rb8 Qh3 37. Bf1 Qh6 38. Qf6 Qg7 39. Qxf3 Rf5 40. Qc6 1-0

[Event "EU-ch 13th"]
[Site "Plovdiv"]
[Date "2012.03.25"]
[Round "6"]
[White "Pap, Gyula"]
[Black "Delchev, Aleksander"]
[Result "1-0"]
[WhiteElo "2538"]
[BlackElo "2622"]
[PlyCount "81"]
[EventDate "2012.03.20"]
[EventType "swiss"]
[EventRounds "11"]
[EventCountry "BUL"]
[SourceTitle "CBM 148"]
[Source "ChessBase"]
[SourceDate "2012.05.16"]
[SourceVersion "1"]
[SourceVersionDate "2012.05.16"]
[SourceQuality "1"]

1. Nf3 d5 2. g3 g6 3. Bg2 Bg7 4. O-O e5 5. c4 c6 6. Qa4 d4 7. d3 Ne7 8. b4 O-O 9. Nbd2 Nd7 10. Qb3 $146 ({RR} 10. Qc2 a5 11. bxa5 Rxa5 12. a4 c5 13. Nb3 Ra6 14. Ba3 Qc7 15. Ng5 b6 16. a5 bxa5 17. Ne4 Rc6 18. Qd2 a4 19. Nbxc5 Nxc5 20. Nxc5 Rxc5 21. Rfb1 Nf5 22. Bxc5 Qxc5 23. Rxa4 Be6 24. Ra5 Qc7 {Zaichik,G-Nogueiras Santiago,J (2490) Tbilisi 1983 1-0 (34)}) ({RR} 10. Bb2 Qc7 11. Qc2 b6 12. a4 Rb8 13. Nb3 c5 14. b5 Bb7 15. a5 f5 16. Nbd2 h6 17. Ra2 g5 18. h3 Nc8 19. axb6 axb6 20. e4 f4 21. Nh2 Nf6 22. Qd1 h5 23. Bf3 Qf7 24. Kh1 Bh6 {Ivanovic,M (2279)-Toth,A (2322) Paracin SRB 2024 ½-½}) 10... a5 11. Ne4 axb4 12. Qxb4 c5 13. Qb3 Ra6 14. Rb1 f5 15. Ned2 Nc6 16. Ne1 Nb6 17. Bb2 Na4 18. Ba1 Qa5 19. Qd1 Nb4 20. a3 Na2 21. Rb5 Qc7 22. Nb1 N2c3 23. Nxc3 Nxc3 24. Bxc3 dxc3 25. Qb3 e4 26. dxe4 b6 27. Nd3 fxe4 28. Bxe4 Bd7 29. Nf4 Rxf4 30. gxf4 Qxf4 31. Bd5+ Kf8 32. e3 Qg4+ 33. Kh1 Qe2 34. Kg1 c2 35. Rc1 Bxb5 36. cxb5 Rxa3 37. Qxc2 Qxb5 38. Qe4 Bb2 39. Qf3+ Kg7 40. Qf7+ Kh6 41. Qf8+ 1-0

[Event "EU-ch 13th"]
[Site "Plovdiv"]
[Date "2012.03.29"]
[Round "9"]
[White "Berkes, Ferenc"]
[Black "Volkov, Sergey"]
[Result "1-0"]
[WhiteElo "2682"]
[BlackElo "2623"]
[PlyCount "107"]
[EventDate "2012.03.20"]
[EventType "swiss"]
[EventRounds "11"]
[EventCountry "BUL"]
[SourceTitle "CBM 148"]
[Source "ChessBase"]
[SourceDate "2012.05.16"]
[SourceVersion "1"]
[SourceVersionDate "2012.05.16"]
[SourceQuality "1"]

1. g3 d5 2. Bg2 c5 3. Nf3 g6 4. d4 cxd4 5. Nxd4 Bg7 6. O-O e5 7. Nb3 Ne7 8. Nc3 d4 9. Ne4 $146 ({RR} 9. Na4 O-O 10. e3 Nbc6 11. exd4 exd4 12. Nac5 b6 13. Nd3 Bf5 14. Re1 Qd7 15. Bf4 Rac8 16. Qd2 Rfe8 17. Ne5 Nxe5 18. Bxe5 Bxe5 19. Rxe5 Rxc2 20. Qxd4 Nc6 21. Qxd7 Bxd7 22. Rxe8+ Bxe8 23. Bxc6 Bxc6 {Tadic,B (2250)-Milenkovic,M (2210) Cetinje 1993 1-0 (53)}) ({RR} 9. Na4 O-O 10. c3 Nbc6 11. cxd4 exd4 12. Nac5 a5 13. Nd2 b6 14. Nd3 Nd5 15. Nf3 Ba6 16. Bg5 Qd7 17. Rc1 Rfe8 18. Re1 Rac8 19. a3 h6 20. Bd2 Na7 21. h4 Rxc1 22. Bxc1 Bb5 23. Nf4 Bc4 {Lomsadze,D (2304)-Magalashvili,D (2500) Tbilisi 2019 1-0 (45)}) 9... Nbc6 10. e3 f5 11. Ng5 e4 12. exd4 h6 13. Nh3 Nxd4 14. c3 Ndc6 15. Qxd8+ Kxd8 16. Nf4 g5 17. Nh5 Be5 18. f4 exf3 19. Bxf3 Kc7 20. Be3 Be6 21. Rae1 Rad8 22. Bc5 Rhe8 23. Ng7 Bxg7 24. Rxe6 g4 25. Rfe1 Ne5 26. R1xe5 Bxe5 27. Rxe5 Ng6 28. Rxe8 Rxe8 29. Bd5 Re2 30. Nd4 Rxb2 31. Nxf5 Rb1+ 32. Kf2 Rb5 33. Bd6+ Kd7 34. c4 Rb2+ 35. Ke3 b6 36. Bf7 Rxa2 37. Bxg6 Ke6 38. c5 bxc5 39. Bxc5 Kf6 40. Bh7 a5 41. Kf4 Rxh2 42. Kxg4 a4 43. Kf4 h5 44. Be7+ Kf7 45. Kg5 h4 46. Bg6+ Ke6 47. gxh4 Rg2+ 48. Kh6 Rb2 49. h5 Rb7 50. Bh7 Ra7 51. Kg6 a3 52. Bg8+ Ke5 53. Ba2 Ra6+ 54. Bd6+ 1-0